000
00313nam a2200133Ia 4500
008
191201s2013 xx 000 0 und d
100
_a
PARBIN, Singh
245
0
_a
Engineering and General Geology
250
_a
Rep
260
_c
2013
_b
katson
_a
New Delhi
300
_a
591
650
_a
CIVIL
942
_2
ddc
_c
BB
_0
1
999
_c
7609
_d
7609